000 nam a22 a 4500
999 _c425988
_d425988
003 BLK
005 20210730085100.0
008 210730b bul|||||r ||||||| ||bul||
020 _a9786197496796
040 _aBLK
041 _aBUL
_cBUL
080 _aВоенна чест. Дисциплина. Воински дух и воински морал. Награди
_b355.13
_x(497.2)
_z355.13(497.2)
080 _aМедали. Медалиони. - Военни, паметни, за заслуги, декоративни, медали-талисмани, плакети, амулети, значки и др.
_b737.2
_x(497.2)
_z737.2(497.2)
100 _aГрънчаров, Юли
_eпърви автор
_9461131
139 _aГрънчаров, Юли
_bГ 89
245 1 0 _aОрденът за храброст сред отличията на Царство България
_cЮли Грънчаров
260 _aСофия
_bБи 93
_c2021
_f(Костинброд : Мултипринт)
_9220482
_n954-90275-
300 _a208 с.
_bс цв. ил.
_c29 см
380 _a3
490 _9201130
_aБългарска история
650 0 _aОрдени и медали, военни
_9461138
650 4 _aОрдени и медали, български - история
_9251697
651 4 _aБългария
_9241624
653 _aордени
653 0 _aвоенни отличия
_9461139
653 _aистория
852 _bЧ
_c355/359/Г 89 Ю
942 _cKNG
_n0
_s1
944 _aCR
_c2021-07-30
_kГГГ